00751nam a2200241 a 450000100060000000300080000600500170001400800410003102000150007202000220008703500190010904000230012804100080015108200210015910000250018024500800020526000530028530000250033850000230036350400540038665000320044065000370047260723BD-RjUL20211209080857.0170102s1982 nju b 001 0 eng d a0133561216 a0133561135 (pbk.) a(BD-RjUL)60847 aDLCcDLCdDLCbeng aeng00a371.95bEHG 19821 aEhrlich, Virginia Z.10aGifted children :ba guide for parents and teachers /cVirginia Z. Ehrlich. aEnglewood Cliffs, N.J. :bPrentice-Hall,cc1982. avi, 201 p. ;c23 cm. a"A Spectrum book." aIncludes Bibliography: p. [191]-196. and indexes. 0aGifted childrenxEducation. 0aGifted childrenxIdentification.